| 000 | 005010000a22001690004500 | ||
|---|---|---|---|
| 041 | 0 | _aSPA | |
| 082 | 0 | 4 | _aG 268.3 B5123u |
| 100 | 1 | _aBerkeley, James Percival (1879-) | |
| 245 | 1 | 0 | _aUsted puede ser maestro / James Percival Berkeley ; R de Villagran, Traductor |
| 260 | _aMéxico, D.F., México : Casa Unida de Publicaciones | ||
| 300 | _a127 Pag | ||
| 001 | 7833 | ||
| 942 | _cBK | ||
| 999 |
_c38037 _d38037 |
||
| 336 |
_atexto _btxt _2rdacontent |
||
| 337 |
_2rdamedia _asin mediación _bn |
||
| 338 |
_2rdacarrier _avolumen _bnc |
||